| 000 | 00588cam a22001691 4500 | ||
|---|---|---|---|
| 082 |
_a621 _bMES _cL-13, P-42 |
||
| 100 | 1 |
_aMessersmith, Charles William. _941028 |
|
| 245 | 1 | 0 |
_aMechanical engineering laboratory _c[by] Charles W. Messersmith [and] Cecil F. Warner. |
| 260 |
_aNew York _bWiley _c[c.1950] |
||
| 300 |
_avii, 160 p. _billus. _c29 cm. |
||
| 526 |
_a0 _b0 _c0 _d621_000000000000000_MES |
||
| 526 |
_a0 _b0 _c0 _d621_000000000000000_MES |
||
| 650 | 0 |
_aMCE _9379 |
|
| 650 | 0 |
_aMechanical engineering laboratories. _941029 |
|
| 700 | 1 |
_aWarner, Cecil Francis, _941030 |
|
| 942 |
_2ddc _cBK |
||
| 999 |
_c545233 _d545233 |
||